000 00458cam a2200193ua 4500
001 5203
008 150220n ii |||gr||||Z||||||eng
040 _cMAIN
041 _aeng
082 _a822.33
100 _aShakespeare,
_eAuthor,
245 _aThe taming of the shrew
_cby Shakespeare
250 _a1st.
260 _aCalcutta:
_bDass publishing concern.
300 _a87p:
_c15cm.
653 _aMusic
700 _aSen, & Dad,
_eEditor,
942 _cBK
999 _c4385
_d4385